000 00836nam a22002297a 4500
999 _c4568
_d4568
003 AR-CdUCM
008 190311b ||||| |||| 00| 0 spa d
040 _aMUNICIPALIDAD PROVINCIAL DEL CUSCO
_cBIBLIOTECA MUNICIPAL DEL CUSCO
082 _a920.73 /
_bP14
100 _aPadover, Saul K.
_914280
245 _aForjadores de una nación /
260 _aBuenos Aires :
_bVictor Leru,
_c1962.
300 _a375 páginas ;
_c20 cm.
505 _aEl pensamiento político en los EE.UU. de N.A. -- El arquetipo George Washungton -- El aristócrata: John Adams -- El Demócrata: Thomas Jefferson -- El conservador: Alexander Hamilton...
650 _aEstados Unidos
_92115
650 _aWashington
_92940
650 _aHistoria
_9136
650 _aLincon
_914281
650 _ademócrata
_914282
942 _2ddc
_cLIBROS
945 _admma